000 00860cam a2200229 4500
001 J111327
008 000000n2001 000 0 eng u
035 _a(Sirsi) u111327
050 _a346.4104343
110 _aRoyal Institution of Chartered Surveyors
_94900
110 _aUniversity of Reading
_93273
245 _aLease structures, terms and lengths: does the UK lease meet current business requirements?
260 _aLondon
_bRICS
_c2001
300 _a33p. ; 30cm.
520 _aA report on the attitudes of occupiers in the UK for the Royal Institution of Chartered Surveyors. Department of Land Management and Development, The University of Reading.
650 _aCOMMERCIAL LEASES
650 _aLEASE LENGTH
650 _aBUSINESS TENANCIES
650 _aSERVICE CHARGES
690 _aLANDLORD AND TENANT-BUSINESS TENANCIES
942 _n0
999 _c101220
_d101220